| 000 | 00796nam a2200229 a 4500 | ||
|---|---|---|---|
| 001 | 000046482 | ||
| 005 | 20201002052913.0 | ||
| 008 | 090909s1997 dr 000 0 spa d | ||
| 040 |
_aDO-SdBNP _bspa _cBNPHU |
||
| 082 |
_a461 _bG643o |
||
| 100 | 1 |
_aGonzález Tapia, Carlisle _917929 |
|
| 245 | 1 | 0 |
_aOtro texto sobre lengua española básica / _cCarlisle González Tapia. |
| 260 |
_aSanto Domingo, : _bUniversitaria, _c1997. |
||
| 300 |
_a157 p. : ; _c21 cm. |
||
| 490 | 1 |
_aUniversidad Autónoma de Santo Domingo ; _v806 |
|
| 490 | 1 |
_aLinguistica y sociedad ; _v11 |
|
| 504 | _aBibliográfia p: 155-157 | ||
| 590 | _aInventariado, 2018/ YL | ||
| 650 | 4 |
_aEspañol _xEnseñanza _9406 |
|
| 830 | 0 |
_aUniversidad Autónoma de Santo Domingo _n806 _974477 |
|
| 830 | 0 |
_aLinguistica y sociedad _n11 _974478 |
|
| 999 |
_c45971 _d45971 |
||